000 00210nam a22000977a 4500
041 _aENG
245 _aWater Supply And Sanitary Engineering
260 _aIndia
_bCharotar Pub
_c1999
650 _a48
856 _u48
999 _c3131
_d3131